Numerical methods for scientists and engineers (Record no. 63972)

000 -LEADER
fixed length control field 00426nam a22001697a 4500
003 - CONTROL NUMBER IDENTIFIER
control field NUST - PNEC
005 - DATE AND TIME OF LATEST TRANSACTION
control field 20170116180829.0
008 - FIXED-LENGTH DATA ELEMENTS--GENERAL INFORMATION
fixed length control field 150729b xxu||||| |||| 00| 0 eng d
020 ## - INTERNATIONAL STANDARD BOOK NUMBER
International Standard Book Number -
040 ## - CATALOGING SOURCE
Transcribing agency LIBRARY
082 ## - DEWEY DECIMAL CLASSIFICATION NUMBER
Classification number 519.4 ANT
100 ## - MAIN ENTRY--PERSONAL NAME
9 (RLIN) 4530
Personal name Antia, H M
245 ## - TITLE STATEMENT
Title Numerical methods for scientists and engineers
Statement of responsibility, etc. H M Antia
260 ## - PUBLICATION, DISTRIBUTION, ETC.
Date of publication, distribution, etc. c.1991
650 ## - SUBJECT ADDED ENTRY--TOPICAL TERM
9 (RLIN) 4531
Topical term or geographic name entry element Numerical Methods
General subdivision MIS
942 ## - ADDED ENTRY ELEMENTS (KOHA)
Source of classification or shelving scheme
Koha item type Book
Holdings
Withdrawn status Lost status Source of classification or shelving scheme Damaged status Not for loan Permanent Location Current Location Shelving location Date acquired Total Checkouts Full call number Barcode Date last seen Price effective from Koha item type
          Pakistan Navy Engineering College (PNEC) Pakistan Navy Engineering College (PNEC)       519.4 ANT PNECLIB-020966 07/29/2015   Book
          Pakistan Navy Engineering College (PNEC) Pakistan Navy Engineering College (PNEC)       519.4 ANT PNECLIB-020967 07/29/2015   Book
          Pakistan Navy Engineering College (PNEC) Pakistan Navy Engineering College (PNEC)       519.4 ANT PNECLIB-020969 07/29/2015   Book
          Pakistan Navy Engineering College (PNEC) Pakistan Navy Engineering College (PNEC)       519.4 ANT PNECLIB-020970 07/29/2015   Book
          Pakistan Navy Engineering College (PNEC) Pakistan Navy Engineering College (PNEC)       519.4 ANT PNECLIB-020971 07/29/2015   Book
          Pakistan Navy Engineering College (PNEC) Pakistan Navy Engineering College (PNEC)       519.4 ANT PNECLIB-020972 07/29/2015   Book
          Pakistan Navy Engineering College (PNEC) Pakistan Navy Engineering College (PNEC)       519.4 ANT PNECLIB-020973 07/29/2015   Book
          Pakistan Navy Engineering College (PNEC) Pakistan Navy Engineering College (PNEC)       519.4 ANT PNECLIB-020974 07/29/2015   Book
          Pakistan Navy Engineering College (PNEC) Pakistan Navy Engineering College (PNEC)       519.4 ANT PNECLIB-020975 07/29/2015   Book
          Pakistan Navy Engineering College (PNEC) Pakistan Navy Engineering College (PNEC)       519.4 ANT PNECLIB-020976 07/29/2015   Book
          Pakistan Navy Engineering College (PNEC) Pakistan Navy Engineering College (PNEC)       519.4 ANT PNECLIB-020977 07/29/2015   Book
          Pakistan Navy Engineering College (PNEC) Pakistan Navy Engineering College (PNEC)       519.4 ANT PNECLIB-020968 07/31/2015   Book
© 2023 Central Library, National University of Sciences and Technology. All Rights Reserved.